La realidad nacional vista por el CODEH

Guardado en:
書目詳細資料
格式: 圖書
語言:Spanish
標簽: 添加標簽
沒有標簽, 成為第一個標記此記錄!

MARC

LEADER 00000nam a22000007a 4500
003 cru CIDCACS/IIS
005 20181108153038.0
007 ta
008 181108s1991 ho |||p|r|||||||| ||spa|d
999 |c 41894  |d 41894 
040 |c cru CIDCACS/IIS 
245 3 |a La realidad nacional vista por el CODEH 
300 |a páginas 8-9:  |b fotos 
942 |2 ddc  |c PP 
773 0 |0 41867  |9 2394  |a Comité para la Defensa de los Derechos Humanos (Honduras)  |d Tegucigalpa; Honduras:  |o 18126  |t CODEH: